| 000 | 00614nam a22002057a 4500 | ||
|---|---|---|---|
| 003 | OSt | ||
| 005 | 20240911121341.0 | ||
| 008 | 240911b |||||||| |||| 00| 0 eng d | ||
| 020 | _a0761968342 | ||
| 040 |
_aMMU _beng _cMMU _dMMU |
||
| 050 | _aRA427.8 .P7657 2002 | ||
| 245 |
_aPromoting health : _bPolitics and practice / _cEdited by Adams Lee, Amos Mary , Munro James. |
||
| 260 |
_aLondon : _bSage Publications , _c2002. |
||
| 260 | _aThousand Oaks : | ||
| 260 | _aNew Delhi : | ||
| 300 |
_axiii ,209 pages : _bIllustrations ; |
||
| 501 | _aIncludes index | ||
| 650 |
_aHealth _91622 |
||
| 942 |
_2lcc _cLOAN LOAN |
||
| 999 |
_c32984 _d32981 |
||